| 000 | 00911nam a2200241 i 4500 | ||
|---|---|---|---|
| 001 | 185854 | ||
| 003 | SpMaBN | ||
| 005 | 20250730153550.0 | ||
| 008 | 160816s1981 sp ab |||| | spa d | ||
| 020 | _a84-276-0291-X | ||
| 080 | _a910.4(7/8)"14/15" | ||
| 100 | 1 |
_aMorales Padrón, Francisco, _d1924-2010 _983066 |
|
| 245 | 1 | 0 |
_aHistoria del descubrimiento y conquista de América / _cFrancisco Morales Padrón. |
| 250 | _a4ª ed. | ||
| 260 |
_aMadrid : _bEditora Nacional, _c1981. |
||
| 300 |
_a824 p. : _bil., mapas ; _c21 cm. |
||
| 490 | 1 |
_aCultura y sociedad. _aDocencia y documentación |
|
| 504 | _aReferencias bibliográficas. | ||
| 651 | 4 |
_aAmérica española- _xHistoria- _y1492-1600 (Descubrimiento y conquista) _97724 |
|
| 830 | 0 |
_aCultura y sociedad. _aDocencia y documentación _9225294 |
|
| 852 |
_aES-MaACL _jL-30553 _z. - Donat. Miguel A. Velasco |
||
| 999 |
_c185854 _d185854 |
||